| 000 | 00648nam a2200193 4500 | ||
|---|---|---|---|
| 010 | _aENG-139664 | ||
| 020 |
_a9789387306134 _c1500.00 |
||
| 035 | _aEN-123196 | ||
| 037 | _bDBAD/PUB | ||
| 082 | _a938.03 | ||
| 100 |
_aSharma,D.,P. _963152 |
||
| 245 |
_aThe Copper Hoard Weapons In Ganga-Yamuna Doab (circa 4000-1500 BC) _c/by D.P. Sharma [and] Madhuri Sharma |
||
| 250 | _a1 | ||
| 260 |
_aVaranasi _bPrachya Vidya Bhawan _c2019 |
||
| 270 |
_aB5/25 Oudhgarvi, Sonarpura _bVaranasi _e221001 _mprachyavb@gmail.com |
||
| 300 |
_a182 p. _c23cm(PBT) _eill. |
||
| 700 |
_963009 _aSharma, Madhuri. |
||
| 942 |
_2ddc _cEN _h938.03 _mSHA _e1 |
||
| 999 |
_c201419 _d201419 |
||